00301nam a22001337a 4500008004100000020001800041041000800059080000800067100000700075101000800082245004800090942001200138999001700150181102b xxu||||| |||| 00| 0 eng d a9780830412686 aeng a370 a49 aEDU aUndestanding General PracticecKaren.K.K 2udccBK c51750d51750